000 00591nam a2200181Ia 4500
008 151202s9999||||xx |||||||||||||| ||und||
082 _bPNVM-45600
100 _aवेणकर अर्पणा.
245 _aस्पीड पोस्ट.
260 _bमेहता पब्लिशींग हाऊस पुणे.
260 _c2004
300 _a352
600 _aवेणकर अर्पणा.
630 _aस्पीड पोस्ट.
700 _aवेणकर अर्पणा.
730 _aस्पीड पोस्ट.
942 _cBOOK
999 _c1311551
_d1311548